|
|
|
|
| LEADER |
00000cam a2200000 7i4500 |
| 001 |
0000003457 |
| 005 |
20151222.0 |
| 008 |
070718 |
| 020 |
|
|
|a 9679353753
|
| 090 |
0 |
0 |
|a JF
|b HIST MAL (4084)
|
| 100 |
0 |
|
|a Noraini Mohd Yusof
|
| 245 |
1 |
0 |
|a Pengaruh Majapahit
|c Noraini Mohd Yusof
|
| 260 |
|
|
|a Selangor :
|b Uni-Text Distributors ,
|c 2005
|
| 440 |
|
|
|a Siri koleksi sejarah warisan nusantara
|
| 500 |
|
|
|a Children ages 7-9 years old (orange)
|
| 650 |
|
0 |
|a History
|
| 650 |
|
0 |
|a Junior fiction
|x Malay
|x Languages
|
| 999 |
|
|
|a 0000970336
|b Book
|c Children Collection
|e Cawangan Muar
|
| 999 |
|
|
|a 0000970337
|b Book
|c Children Collection
|e Perbadanan Perpustakaan Awam Johor
|
| 999 |
|
|
|a 0000970338
|b Book
|c Children Collection
|e Perbadanan Perpustakaan Awam Johor
|
| 999 |
|
|
|a 0000970339
|b Book
|c Children Collection
|e Perbadanan Perpustakaan Awam Johor
|
| 999 |
|
|
|a 0001053910
|b Book
|c Teenagers
|e Cawangan Bandar Tenggara
|